Statistics for Great White Discography

Click here to take the quiz!

General Stats

  • This quiz has been taken 7 times
  • The average score is 8 of 45

Answer Stats

TypeYearName% Correct
Album1987Once Bitten
100%
Album1989Twice Shy
100%
Compilation2001Greatest Hits
67%
Album1984Great White
67%
Album1994Sail Away
67%
Album1999Can't Get There from Here
33%
Cover Album1998Great Zeppelin: A Tribute to Led Zeppelin
33%
Album1991Hooked
33%
Compilation2000Latest & Greatest
33%
Album1992Psycho City
33%
Cover Album2002Recover
33%
Album2009Rising
33%
Compilation1997Rock Me
33%
Compilation2006Rock Me: The Best of Great White
33%
Album1986Shot in the Dark
33%
Compilation2000The Best of Great White
33%
Compilation1993The Best of Great White: 1986-1992
33%
Live Album201330 Years - Live from The Sunset Strip
0%
Compilation2004A Double Dose
0%
Album2007Back to the Rhythm
0%
Compilation2004Burning House of Love / Love Removal Machine
0%
Album2012Elation
0%
EP1987EP3
0%
Live Album2005Extended Versions
0%
Album2017Full Circle
0%
Compilation1999Gallery
0%
Compilation2011Great White: Absolute Hits
0%
Compilation2013Great White: Icon
0%
Reissued Cover Album2005Great White Salutes Led Zeppelin
0%
Album1996Let It Rock
0%
Live Album1989Live at the Marquee
0%
Live Album1988Live at The Ritz
0%
Live Album1990Live in London
0%
Reissued Live Album2006Once Bitten, Twice Live
0%
Reissued EP1987On Your Knees
0%
EP1983Out of the Night
0%
Live Album1987Recovery: Live!
0%
Compilation2003Revisiting Familiar Waters
0%
Reissued Compilation2005Rock Breakout Years: 1988
0%
Compilation2000Rock Champions
0%
Live Album1995Stage
0%
Reissued Album1999Stick It
0%
Live Album2001Thank You...Goodnight!
0%
EP1991The Blue EP
0%
Compilation2002The Final Cuts
0%

Score Distribution

Percentile by Number Answered

Percent of People with Each Score

Your Score History

You have not taken this quiz